Statystyki dla KRAJE KTÓRE KOŃCZĄ SIĘ NA "NA"

Kliknij tutaj aby rozwiązać quiz!

Ogólne statystyki

  • Ten quiz został rozwiązany 54 razy
  • Średni wynik to 4 z 10

Statystyki odpowiedzi

ILE?KRAJE?% Poprawnych
3. AMERYKA PŁD.ARGENTYNA
74%
1. EUROPAUKRAINA
67%
9. AMERYKA PŁDGUJANA
49%
4. AMERYKA PŁN.DOMINIKANA
42%
5. AFRYKAGHANA
37%
6. AZJAKOREA PÓŁNOCNA
35%
8. EUROPAMACEDONIA PÓŁNOCNA
33%
7. AUSTRALIAWYSPY SALOMONA
26%
2. AFRYKABOTSWANA
21%
10. EUROPABOŚNIA I HARCEGOWINA
0%

Rozkład punktacji

Percentyl według liczby udzielonych odpowiedzi

Procent ludzi z każdym wynikiem

Twoja historia wyników

Nie rozwiązałeś tego quizu